000 00362nam a2200145Ia 4500
008 220216s9999 xx 000 0 und d
100 _aMajumdar Samir
245 0 _aVulcanization without application of heat
260 _bRubberchem Review
_c1999
300 _a15-24
650 _aCrosslinking
650 _aSwelling
650 _aVulcanization
942 _cJS
999 _c72265
_d72265